| Поле | Инд. | ПП | Название | Значение |
|---|---|---|---|---|
| Тип записи | a | |||
| Библиографический уровень | m | |||
| 001 | Контрольный номер | 0a91795e5ba74f12aea53b72d494f474 | ||
| 005 | Дата корректировки | 20250313113708.6 | ||
| 020 | a | ISBN | 978-5-9596-1902-2 | |
| 040 | a | Служба первич. каталог. | НБ ТвГУ | |
| b | Код языка каталог. | rus | ||
| e | Правила каталог. | PSBO | ||
| 041 | 0_ | a | Код языка текста | rus |
| 080 | a | Индекс УДК | 159.9:331(075.8) | |
| 080 | a | Индекс УДК | 377/.378(075.8) | |
| 084 | a | Индекс другой классификации/Индекс ББК | Ю98я73-1 | |
| 084 | a | Индекс другой классификации/Индекс ББК | Ч44я73-1 | |
| 090 | a | Полочн. индекс | Ю98 | |
| x | Авторский знак | К 34 | ||
| 097 | b | Оператор | Semenova.ZR | |
| 100 | 1_ | a | Автор | Келеман Людмила Анатольевна |
| e | Роль лиц | Автор | ||
| 245 | 10 | a | Заглавие | Психология и педагогика профессиональной деятельности |
| b | Продолж. заглавия | учебное пособие для студентов направлений подготовки 09.03.03 "Прикладная информатика", 38.03.01 "Экономика", 38.03.02 "Менеджмент", 38.03.07 "Товароведение", 40.03.01 "Юриспруденция" | ||
| c | Ответственность | Л. А. Келеман, С. А. Павленко ; Белгородский университет кооперации, экономики и права, Ставропольский институт кооперации (филиал) | ||
| 260 | c | Дата издания | 2023 | |
| a | Место издания | Ставрополь | ||
| b | Издательство | АГРУС | ||
| 300 | a | Объем | 311 с. | |
| 653 | 0_ | a | Ключевые слова | Психология труда |
| a | Ключевые слова | Педагогика профессиональной деятельности | ||
| a | Ключевые слова | Непрерывное образование | ||
| a | Ключевые слова | Профессиональное образование | ||
| a | Ключевые слова | Дефектология | ||
| a | Ключевые слова | Профессиональное общение с инвалидами | ||
| a | Ключевые слова | Профессиональная деятельность | ||
| a | Ключевые слова | Профессионализм | ||
| a | Ключевые слова | Карьера | ||
| a | Ключевые слова | Психология профессиональной деятельности | ||
| a | Ключевые слова | Саморазвитие | ||
| a | Ключевые слова | Самосовершенствование | ||
| a | Ключевые слова | Стрессы в профессиональной деятельности | ||
| a | Ключевые слова | Профессиональный стресс | ||
| a | Ключевые слова | Профессиональный кризис | ||
| a | Ключевые слова | Учебник для вузов | ||
| 700 | 12 | a | Другие авторы | Павленко Светлана Анатольевна |
| e | Роль лиц | Автор | ||
| 700 | 12 | a | Другие авторы | Кочкарова Зарема Руслановна |
| e | Роль лиц | Рецензент | ||
| 700 | 12 | a | Другие авторы | Черникова Валентина Евгеньевна |
| e | Роль лиц | Рецензент | ||
| 710 | 12 | a | Организация/ юрисдикция | Белгородский университет кооперации, экономики и права |
| 710 | 12 | a | Организация/ юрисдикция | Ставропольский институт кооперации |
| 901 | t | Тип документа | m | |
| 920 | a | Оператор | Семен | |
| a | Оператор | Лиси | ||
| 930 | a | Новая/Ретро | новая | |
| 952 | c | Вид литературы | К ру | |
| 954 | b | Дата поступления в ОК | 20250115 | |
| a | Дата поступления на обработку | 20250313 |